01541nam a2200409 i 450000100060000000300090000600500170001500800390003202000150007104000360008604600090012208000100013108000100014108000120015110000410016324501590020425000140036326000340037730000610041133600270047233700540049933800280055338000160058138000270059738500390062438800140066338800140067750400260069165000260071765000290074365000300077265500300080265800280083271000620086085600980092285601110102035914KOSZ 00520210211150014.0991010s1999 pl a f f |000 0 pol a8387424072 cKOSZ 005aKOSZ 005dKOSZ 005/HR k1993 a628.3 a628.5 a(075.8)1 aAnielak, Anna Mariad(1952- )eAutor10aWybrane zagadnienia z technologii ścieków przemysłowych :bprzewodnik do ćwiczeń laboratoryjnych /cAnna M. Anielak ; Politechnika Koszalińska. a[Wyd. 3]. aKoszalin :bWydaw. PK,c1999. a145, [2] s., [9] s. tabl. :bfot., rys., wykr. ;c24 cm. 2rdacontentaTekstbtxt 2rdamediaaBez urządzenia pośredniczącegobn 2rdacarrieraWoluminbnc aKsiążki aPublikacje dydaktyczne mPoziom nauczaniaaSzkoły wyższe a1901-2000 a1989-2000 aBibliogr. przy rozdz. 9aŚcieki przemysłowe 9aOczyszczanie ścieków 9aOczyszczalnia ścieków aPodręczniki akademickie aInżynieria i technika 0aWydawnictwo Uczelniane (Politechnika Koszalińska)4pbl. uhttp://koha.tu.koszalin.pl/cgi-bin/koha/opac-detail.pl?biblionumber=35914yKatalog online BPK uhttp://dlibra.tu.koszalin.pl/dlibra/docmetadata?id=582&from=&dirids=1&ver_id=&lp=2&QI=yBiblioteka Cyfrowa